| 000 | 00542nam a22001817a 4500 | ||
|---|---|---|---|
| 999 |
_c9074 _d9074 |
||
| 003 | AR-CdUCM | ||
| 008 | 190327b ||||| |||| 00| 0 spa d | ||
| 040 |
_aMUNICIPALIDAD PROVINCIAL DEL CUSCO _cBIBLIOTECA MUNICIPAL DEL CUSCO |
||
| 082 |
_a869.56 / _bB733 |
||
| 100 |
_aBonet Rodriguez, Hugo _94683 |
||
| 245 | _aResurrección de las cicatrices / | ||
| 260 |
_aCusco : _bJL Editores, _c2002. |
||
| 300 |
_a316 páginas ; _c21 cm. |
||
| 505 | _aTeatro cusqueño. | ||
| 650 |
_aTeatro cusqueño. _913217 |
||
| 942 |
_2ddc _cLIBROS |
||
| 945 | _awfj | ||